Optimalizácia parametrov laserového rezania
Uložené v:
| Hlavný autor: | |
|---|---|
| Ďalší autori: | |
| Médium: | Rukopis Kniha |
| Jazyk: | Slovak |
| Vydavateľské údaje: |
2018
|
| Predmet: | |
| On-line prístup: | http://is.stuba.sk/zp/portal_zp.pl?podrobnosti=138898 |
| Tagy: |
Žiadne tagy, Buďte prvý, kto otaguje tento záznam!
|
MARC
| LEADER | 00000ntm a22000003a 4500 | ||
|---|---|---|---|
| 001 | stuzp68316 | ||
| 003 | SK-STU | ||
| 005 | 20180820160314.0 | ||
| 007 | ta | ||
| 008 | 150427s2015----xo-----f-mn---000-0-slo-d | ||
| 040 | |a STU |b slo | ||
| 041 | 0 | |a slo | |
| 100 | 1 | |a Richnák, Marek |u 063000 |4 aut |U MTF Materiálovotechnologická fakulta |T MTF Ústav výrobných technológií |X 88006 |U M3000 |Y 83 |7 88006 | |
| 242 | 0 | 1 | |a Optimization of laser cutting parameters |y eng |
| 245 | 1 | 0 | |a Optimalizácia parametrov laserového rezania |
| 260 | |c 2018 | ||
| 650 | 4 | |a CO2 laser |2 slo | |
| 650 | 4 | |a laserový zväzok |2 slo | |
| 650 | 4 | |a parameter |2 slo | |
| 650 | 4 | |a integrita |2 slo | |
| 650 | 4 | |a obrobok |2 slo | |
| 650 | 4 | |a materiál |2 slo | |
| 650 | 4 | |a laser beam |2 eng | |
| 650 | 4 | |a parameter |2 eng | |
| 650 | 4 | |a integrity |2 eng | |
| 650 | 4 | |a CO2 laser |2 eng | |
| 650 | 4 | |a workpiece |2 eng | |
| 650 | 4 | |a material |2 eng | |
| 700 | 1 | |a Šugár, Peter |u 063600 |k Z1 |4 ths |U MTF Ústav výrobných technológií |T MTF Katedra obrábania a tvárnenia |X 3552 |U M3600 |Y 841 |7 A000003552 | |
| 856 | 4 | |u http://is.stuba.sk/zp/portal_zp.pl?podrobnosti=138898 | |
| 996 | |c M* DP-13457 |l MMSKP |s P |a 0 |w stuzp68316_0001 | ||